| 000 | 00696nam a2200229 i 4500 | ||
|---|---|---|---|
| 001 | 7651 | ||
| 003 | ES-MaACL | ||
| 005 | 20230906145303.0 | ||
| 007 | t| | ||
| 008 | 910320s1990 sp |||| | spa d | ||
| 020 | _a84-87290-14-0 | ||
| 080 | _a914.027 M.(246.23 Manzanares) | ||
| 100 | 1 |
_aSanz García, José María. _9103643 |
|
| 245 | 1 | 3 |
_aEl Manzanares, río de Madrid / _cJosé María Sanz García. |
| 260 |
_aMadrid : _bLa Libreria, _c[1990] |
||
| 300 |
_a171 p. : _bil. ; _c21 cm. |
||
| 490 | 1 | _aBiblioteca básica de Madrid | |
| 651 | 4 |
_aManzanares (España, Río) _9167234 |
|
| 830 | 1 |
_aBiblioteca básica de Madrid _9178125 |
|
| 852 |
_aES-MaACL _jL-14954 |
||
| 999 |
_c7651 _d7651 |
||